| 000 | 00420nam a2200157Ia 4500 | ||
|---|---|---|---|
| 008 | 131103s9999 xx 000 0 und d | ||
| 040 | _aLoreto College | ||
| 041 | _aEnglish | ||
| 082 |
_a310/STA _bLCLIB(press)/27839 |
||
| 245 |
_aStatistical handbook _b1980 |
||
| 260 |
_aWest Bengal _bGovt. of West Bengal _c1981 |
||
| 300 |
_a231p. _b chart. _c 10cm. |
||
| 650 | _aStatistic | ||
| 850 | _aLCLIB/310/STA | ||
| 942 | _cBK | ||
| 999 |
_c24897 _d75376 |
||